| 000 | 01430nam0a22003371 4500 | ||
|---|---|---|---|
| 001 | v19\rc\1355665 | ||
| 005 | 20060512120730.6 | ||
| 035 | _a(NLR Aleph) 004498997 | ||
| 090 |
_a4683253 _c4683253 |
||
| 100 | _a20060512e18651865|||y0rusy50 ca | ||
| 101 | 0 | _arus | |
| 102 | _aRU | ||
| 105 | _ay z ||||| | ||
| 200 | 1 |
_aИмператор Оттон III и его время _f[В. Надлер] |
|
| 210 |
_aХарьков _cУнив. тип. _d1865 |
||
| 215 |
_a30 с. _d23 |
||
| 300 | _aАвт. указан в конце текста | ||
| 309 | _aБез тит. л. и обл. | ||
| 311 | _aОтт. из "Отчета Частного заведения для приготовления молодых людей в ун-т". Харьков, 1865 | ||
| 488 | 0 |
_12001#$aОтчет Частного заведения для приготовления молодых людей в университет _1210##$aХарьков$d1865 |
|
| 532 | 1 | 1 | _aИмператор Оттон Третий и его время |
| 700 | 1 |
_aНадлер _bВ. К. _f1840-1894 _gВасилий Карлович |
|
| 702 | 0 |
_aОттон _cимп. Священной Римской империи _dIII _f980-1002 _4570 |
|
| 801 | 0 |
_aRU _bNLR _gpsbo |
|
| 801 | 0 |
_aRU _bRuMoRGB _2psbo |
|
| 801 | 1 |
_aRU _bProSoft-M _2rusmarc |
|
| 852 |
_aNLR _j18.39.5.176 |
||
| 899 |
_aRuMoRGB _jE 58/317 |
||
| 899 |
_aRuMoRGB _jE 79/27 |
||
| 942 | _cBOOK | ||
| 980 | _aNB | ||